Koncepcia nového študijného programu "Cudzie jazyky a interkultúrna komunikácia" v aplikácii na výučbu anglického jazyka na EU v Bratislave

Informácie o obsahu štúdia študijného programu Cudzie jazyky a interkultúrna komunikácia. Podmienky prijatia na štúdium. Profil absolventa. Hodnotenie doterajších skúseností pri realizácii celouniverzitného študijného programu Cudzie jazyky a interkultúrna komunikácia.

Na minha lista:
Detalhes bibliográficos
Autor principal: Grossmanová, Marta
Formato: Capítulo de Livro
Idioma:eslovaco
Assuntos:
Tags: Adicionar Tag
Sem tags, seja o primeiro a adicionar uma tag!

MARC

LEADER 00000nla$a2200000$$$4500
001 0130410
005 20240502072508.4
041 0 |a slo 
044 |a SK 
245 1 0 |a Koncepcia nového študijného programu "Cudzie jazyky a interkultúrna komunikácia" v aplikácii na výučbu anglického jazyka na EU v Bratislave  |c Marta Grossmanová 
520 |a Informácie o obsahu štúdia študijného programu Cudzie jazyky a interkultúrna komunikácia. Podmienky prijatia na štúdium. Profil absolventa. Hodnotenie doterajších skúseností pri realizácii celouniverzitného študijného programu Cudzie jazyky a interkultúrna komunikácia. 
610 2 0 |a vzdelávanie vysokoškolské 
610 2 0 |a jazyky cudzie 
610 2 0 |a programy študijné 
610 2 0 |a študenti 
610 2 0 |a štúdium bakalárske 
610 2 0 |a univerzity 
100 1 |a Grossmanová, Marta